La información y consulta de trabajadores en empresas transnacionales. Dimensiones y despliegue práctico de los comités de empresa europeos (Registro nro. 47444)
[ vista simple ]
| 000 -CABECERA | |
|---|---|
| Longitud fija campo de control | 01279naa a2200301 c 4500 |
| 001 - NÚMERO DE CONTROL | |
| Número de control | 47444 |
| 003 - IDENTIFICADOR DE NÚMERO DE CONTROL | |
| Identificador del número de control | ES-MaCES |
| 005 - FECHA Y HORA DE LA ÚLTIMA TRANSACCIÓN | |
| Fecha y hora de la última transacción | 20160418121029.0 |
| 008 - CAMPO FIJO DE DESCRIPCIÓN FIJA--INFORMACIÓN GENERAL | |
| Códigos de información de longitud fija | 160418s2015 sp ||||| t||||||| ||spa d |
| 040 ## - FUENTE DE CATALOGACIÓN | |
| Centro catalogador de origen | ES-MaCES |
| Lengua de catalogación | spa |
| Centro transcriptor | ES-MaCES |
| Centro modificado | ES-MaCES |
| 100 1# - ENCABEZAMIENTO PRINCIPAL--NOMBRE PERSONAL | |
| 9 (RLIN) | 13753 |
| Nombre de persona | González Begega, Sergio |
| 245 13 - MENCIÓN DE TÍTULO | |
| Título | La información y consulta de trabajadores en empresas transnacionales. Dimensiones y despliegue práctico de los comités de empresa europeos |
| Mención de responsabilidad, etc. | Sergio González Begega, Holm-Detlev Köhler, Mona Aranea |
| 650 #4 - ASIENTO SECUNDARIO DE MATERIA--TÉRMINO DE MATERIA | |
| 9 (RLIN) | 27142 |
| Término de materia o nombre geográfico como elemento inicial | empresa multinacional |
| 650 #4 - ASIENTO SECUNDARIO DE MATERIA--TÉRMINO DE MATERIA | |
| 9 (RLIN) | 29357 |
| Término de materia o nombre geográfico como elemento inicial | junta de dirección |
| 650 #4 - ASIENTO SECUNDARIO DE MATERIA--TÉRMINO DE MATERIA | |
| 9 (RLIN) | 27293 |
| Término de materia o nombre geográfico como elemento inicial | liderazgo |
| 650 #4 - ASIENTO SECUNDARIO DE MATERIA--TÉRMINO DE MATERIA | |
| 9 (RLIN) | 28194 |
| Término de materia o nombre geográfico como elemento inicial | toma de decisiones |
| 650 #4 - ASIENTO SECUNDARIO DE MATERIA--TÉRMINO DE MATERIA | |
| 9 (RLIN) | 28378 |
| Término de materia o nombre geográfico como elemento inicial | participación de los trabajadores |
| 650 #4 - ASIENTO SECUNDARIO DE MATERIA--TÉRMINO DE MATERIA | |
| 9 (RLIN) | 28912 |
| Término de materia o nombre geográfico como elemento inicial | comité de empresa |
| 650 #4 - ASIENTO SECUNDARIO DE MATERIA--TÉRMINO DE MATERIA | |
| 9 (RLIN) | 29540 |
| Término de materia o nombre geográfico como elemento inicial | divulgación de la información |
| 650 #4 - ASIENTO SECUNDARIO DE MATERIA--TÉRMINO DE MATERIA | |
| 9 (RLIN) | 29873 |
| Término de materia o nombre geográfico como elemento inicial | Directiva de la CE |
| 650 #4 - ASIENTO SECUNDARIO DE MATERIA--TÉRMINO DE MATERIA | |
| 9 (RLIN) | 26752 |
| Término de materia o nombre geográfico como elemento inicial | UE |
| 653 10 - TÉRMINO DE INDEXACIÓN--NO CONTROLADO | |
| Término no controlado | Relaciones laborales-Empleo |
| 700 1# - ENCABEZAMIENTO SECUNDARIO--NOMBRE PERSONAL | |
| 9 (RLIN) | 15889 |
| Nombre de persona | Köhler, Holm-Detlev |
| 700 1# - ENCABEZAMIENTO SECUNDARIO--NOMBRE PERSONAL | |
| 9 (RLIN) | 36744 |
| Nombre de persona | Aranea, Mona |
| 773 0# - ENTRADA DE DOCUMENTO FUENTE | |
| Itemnumber del ítem fuente | 84314 |
| Lugar, editor y fecha de publicación | Albacete (Concepción, 12, 2º izda., 02002) Bomarzo 1998- |
| Otro identificador del documento | 087216 |
| Título | Revista de derecho social |
| Número de control del registro relacionado | (ES-MaCES)25695 |
| Parte(s) relacionada(s) | n. 72 (oct.-dic. 2015) {10693 R. 087216} ;p. 185-196 |
| 902 ## - CES. TIPO DE DOCUMENTO | |
| Tipodoc (006$c Sirtex) | ART Artículo de revista |
| 942 ## - ELEMENTOS KOHA | |
| Fuente de clasificaión o esquema | Clasificación propia del CES |
| Koha [por defecto] tipo de item | Artículos (1982-2017) |
| Parte de clasificación | Relaciones Laborales y Rel. Lab.- Empleo |
No hay ítems disponibles.
